000 00225nmm a2200085Ia 4500
008 220120s9999||||xx |||||||||||||||||und||
100 _aDIGIT-JUNE-2006
_910910
245 0 _aMicrosoft monster truck madness 2
260 _bNew Delhi
999 _c138887
_d138887